Acquisitions et accords dans l'industrie européenne: Quels effets du marché unique?

Autor skúma, či rast európskych podnikov bol ovplyvnený Jednotným trhom. Dvojitá logika veľkého trhu, ktorý mal posilniť konkurenčnosť európskych podnikov. Globalizácia proti Jednotnému trhu. Vývoj podnikov ES - počet operácií. Treba zvýšiť súťaživoť európskeho priestoru. Príloha: údaje o operáciách...

Celý popis

Uložené v:
Podrobná bibliografia
Hlavný autor: Sachwald, F.
Médium: Kapitola
Jazyk:French
Predmet:
Tagy: Pridať tag
Žiadne tagy, Buďte prvý, kto otaguje tento záznam!

MARC

LEADER 00000naa a2200000 4500
001 r013442
005 20221205080334.9
041 0 |a fre 
044 |a FR 
245 1 0 |a Acquisitions et accords dans l'industrie européenne: Quels effets du marché unique?  |c F. Sachwald 
520 |a Autor skúma, či rast európskych podnikov bol ovplyvnený Jednotným trhom. Dvojitá logika veľkého trhu, ktorý mal posilniť konkurenčnosť európskych podnikov. Globalizácia proti Jednotnému trhu. Vývoj podnikov ES - počet operácií. Treba zvýšiť súťaživoť európskeho priestoru. Príloha: údaje o operáciách vonkajšieho hospodárskeho rastu. (Economie et finance agricoles 1992, č.269.). 
610 2 0 |a trh vnútorný 
610 2 0 |a Európske spoločenstvá 
610 2 0 |a konkurencia 
610 2 0 |a podnik 
610 2 0 |a stratégia podniková 
610 2 0 |a súťaž hospodárska 
610 2 0 |a podnik spoločný 
610 2 0 |a akvizícia 
100 1 |a Sachwald, F.